UM Logo

Physical geology : (Record no. 7969)

MARC details
000 -LEADER
fixed length control field 00373nam a22001217a 4500
008 - FIXED-LENGTH DATA ELEMENTS--GENERAL INFORMATION
fixed length control field 171207b xxu||||| |||| 00| 0 eng d
082 ## - DEWEY DECIMAL CLASSIFICATION NUMBER
Edition number 1997
Classification number DC 551.076
Item number M19
100 ## - MAIN ENTRY--PERSONAL NAME
9 (RLIN) 24510
Personal name Mack, John D., author.
245 ## - TITLE STATEMENT
Title Physical geology :
Remainder of title study guide /
Statement of responsibility, etc. John D. Mack.
300 ## - PHYSICAL DESCRIPTION
Extent 247 pages :
Other physical details illustrations ;
Dimensions 30 cm.
650 #0 - SUBJECT ADDED ENTRY--TOPICAL TERM
9 (RLIN) 24511
Topical term or geographic name as entry element Physical geology.
942 ## - ADDED ENTRY ELEMENTS (KOHA)
Source of classification or shelving scheme Dewey Decimal Classification
Koha item type Circulation
Holdings
Withdrawn status Lost status Source of classification or shelving scheme Damaged status Not for loan Collection code Home library Current library Date acquired Source of acquisition Total Checkouts Full call number Barcode Date last seen Copy number Price effective from Koha item type
    Dewey Decimal Classification     Circulation UM Digos College - LIC UM Digos College - LIC 09/10/2003 Purchased   DC 551.076 M19 1997 15740 06/08/2021 3 12/07/2017 Circulation
    Dewey Decimal Classification     Circulation UM Digos College - LIC UM Digos College - LIC 09/10/2003 Purchased   DC 551.076 M19 1997 15739 06/08/2021 2 12/07/2017 Circulation